| 000 | 00525nam a2200181Ia 4500 | ||
|---|---|---|---|
| 020 | _a(pbk) | ||
| 082 |
_a297.4 _bADD _cL-31,P-172 |
||
| 100 |
_aad-Darqawi, Shaikh Al-Arabi _937406 |
||
| 245 |
_aLetters of a Sufi Master _bthe Shaikh Al-Arabi Ad-Darqawi |
||
| 260 |
_aLahore: _bSuhail Academy, _c1983 |
||
| 300 | _a38p | ||
| 526 |
_a0 _b0 _c0 _d297_400000000000000_ADD |
||
| 650 |
_aMCE _9379 |
||
| 650 |
_aSufis -- Islam _937407 |
||
| 650 |
_aSufism -- Islam _937223 |
||
| 700 |
_aBurckhardt, Titus _928518 |
||
| 942 |
_2ddc _cBK |
||
| 999 |
_c542277 _d542277 |
||